| 000 | 00952nam a22002297a 4500 | ||
|---|---|---|---|
| 005 | 20160315165023.0 | ||
| 010 | _a1516EN07 ENG-114705 | ||
| 020 |
_c550.00 _a9788184888416 |
||
| 035 | _aEN-98237 | ||
| 035 | _aB-601857-872 | ||
| 037 |
_adpl _bHimalaya Publishing House/Ven |
||
| 037 | _bDBAD/PUB | ||
| 082 | _a650.144 | ||
| 100 | _aSajitha Jayaprakash | ||
| 245 |
_aInterview skills : _cby Sajitha Jayaprakash _bpresenting yourself with confidence / |
||
| 260 |
_aNew Delhi _bHimalaya Publishing House _c2015(repr.) |
||
| 270 |
_aPooja Apartments, 4-B, Murari Lal street, Ansari Road, Darya Ganj _b New Delhi _e110002 |
||
| 300 |
_a231p. _c22cm(Hb) |
||
| 500 | _aIncludes index | ||
| 942 |
_2ddc _cEN _mSAJ _h650.144 |
||
| 999 |
_c96051 _d96051 |
||